| 000 | 00373 a2200109 4500 | ||
|---|---|---|---|
| 001 | ART_39923 | ||
| 005 | 20260410161841.0 | ||
| 008 | 260409a | ||
| 245 | 1 | 0 | _aLa caducidad de instancia en el proceso contencioso administrativo de la provincia de Buenos Aires |
| 100 | 1 | _aSavignano, Luciano C. | |
| 773 | 0 |
_tRAP _g- Año 38, Nº 453 (jun. 2016) _wREV5941 |
|
| 999 |
_c24110 _d24110 |
||